| 000 | 00625nam a22001817a 4500 | ||
|---|---|---|---|
| 003 | OSt | ||
| 005 | 20140310182023.0 | ||
| 008 | 130801t xxu||||| |||| 00| 0 eng d | ||
| 050 |
_aPC 4065 _b.L732 1941 |
||
| 082 |
_aFIL 495.114 _bL629 1941 |
||
| 100 | _aLim, Vicente | ||
| 245 |
_aChinese-English-Tagalog- Spanish Business conversation and social contact with amoy pronunciation / _cVicente Lim ; revised by Lim Se Kim, Jose Santos. |
||
| 260 |
_aManila : _bPOC BON BOOK CO, _c1941. |
||
| 300 |
_c28 cm. _a255 p. : |
||
| 650 |
_aVocabulary _xChinese _xEnglish _xTagalog _xSpanish |
||
| 942 |
_2lcc _cBK |
||
| 999 |
_c8401 _d8401 |
||